MARC

Tag First Indicator Second Indicator Subfields
LEADER 00000cam a2200000 a 4500
001 in00000071769
005 20240625163211.0
008 741113s1910 enk b 000 0 eng
010 |a a 11000028  
019 |a 3316738  |a 220763135 
029 1 |a AU@  |b 000006994273 
029 1 |a AU@  |b 000010523809 
029 1 |a AU@  |b 000021609524 
029 1 |a AU@  |b 000022135276 
029 1 |a AU@  |b 000061943972 
029 1 |a NZ1  |b 10575166 
029 1 |a NZ1  |b 15807828 
029 1 |a UKBRU  |b 150323 
035 |a (OCoLC)ocm01073894  
035 |a (OCoLC)1073894  |z (OCoLC)3316738  |z (OCoLC)220763135 
035 |a (OCoLC)ocm01073894  
040 |a DLC  |b eng  |c FAU  |d OCL  |d TAI  |d OCLCG  |d WY@  |d CSO  |d TWB  |d GZM  |d UV0  |d P4I  |d OCLCO  |d OCLCA  |d RNP  |d OCLCQ  |d OCLCO  |d OCLCF  |d OCL  |d OCLCQ  |d CNUTO  |d PEX  |d AU@  |d OCLCO  |d OCLCQ  |d OCLCO  |d OCLCL  |d OCLCQ  |d OCLCL 
041 1 |a eng  |h lat 
043 |a e-uk--- 
050 0 0 |a BR746  |b .B 
050 1 4 |a AC1  |b .E8 no.479,1927 
055 3 |a B765.B33  |b H513 1910 
082 0 |a 274.2 
100 0 |a Bede,  |c the Venerable, Saint,  |d 673-735.  |1 https://id.oclc.org/worldcat/entity/E39PCjt9pXwhqDvQJ9rtKrHCpP 
240 1 0 |a Historia ecclesiastica gentis Anglorum.  |l English 
245 1 4 |a The ecclesiastical history of the English nation /  |c by the Venerable Bede. 
260 |a London :  |b J.M. Dent & Sons, Ltd. ;  |a New York :  |b E.P. Dutton,  |c [1910] 
300 |a xxxiv, 370 pages ;  |c 18 cm 
336 |a text  |b txt  |2 rdacontent 
337 |a unmediated  |b n  |2 rdamedia 
338 |a volume  |b nc  |2 rdacarrier 
490 1 |a Everyman's library ;  |v no. 479 
500 |a Introduction by Vida D. Scudder. 
500 |a "The life and miracles of Saint Cuthbert, Bishop of Lindisfarne": pages 286-348; "The lives of the holy abbots of Weremouth and Jarrow: Benedict, Ceolfrid, Easterwine, Sigfrid and Huetberht": pages 349-365 
500 |a Translation of: Historia ecclesiastica. 
504 |a Includes bibliographical references (page xxiii). 
505 0 |a Ecclesiastical history of the English nation / Bede -- The life and miracles of St. Cuthbert, bishop of Lindisfarne -- The lives of the holy abbots of Weremouth and Jarrow. 
508 |a Introduction by Vida D. Scudder. 
600 0 0 |a Cuthbert,  |c Saint, Bishop of Lindisfarne,  |d approximately 635-687. 
651 0 |a Great Britain  |x Church history  |y 449-1066. 
650 0 |a Civilization, Anglo-Saxon. 
651 6 |a Grande-Bretagne  |x Histoire religieuse  |y 449-1066. 
650 6 |a Civilisation anglo-saxonne. 
600 0 7 |a Cuthbert,  |c Saint, Bishop of Lindisfarne,  |d approximately 635-687.  |2 fast  |0 (OCoLC)fst01814661  |1 https://id.oclc.org/worldcat/entity/E39PBJfCqyPVxtBcbKckHfryVC 
650 7 |a Civilization, Anglo-Saxon.  |2 fast  |0 (OCoLC)fst00862961 
651 7 |a Great Britain.  |2 fast  |0 (OCoLC)fst01204623  |1 https://id.oclc.org/worldcat/entity/E39PBJdmp7p3cx8hpmJ8HvmTpP 
648 7 |a 449-1066  |2 fast 
655 7 |a Church history.  |2 fast  |0 (OCoLC)fst01411629 
700 1 |a Scudder, Vida Dutton,  |d 1861-1954.  |1 https://id.oclc.org/worldcat/entity/E39PBJjdgWfkkBTt3m99TwgdwC 
758 |i has work:  |a The history of the church of Englande (Text)  |1 https://id.oclc.org/worldcat/entity/E39PCGr4xchVk4MMXkvX3mHhwP  |4 https://id.oclc.org/worldcat/ontology/hasWork 
776 0 8 |i Online version:  |a Bede, the Venerable, Saint, 673-735.  |s Historia ecclesiastica gentis Anglorum. English.  |t Ecclesiastical history of the English nation.  |d London : J.M. Dent & Sons, Ltd. ; New York : E.P. Dutton, [1910]  |w (OCoLC)892845334 
830 0 |a Everyman's library ;  |v no. 479. 
948 |h HELD BY TXA - 450 OTHER HOLDINGS 
994 |a Z0  |b TXA 
999 f f |s 476d7774-c594-3725-af30-37b12c4bc2aa  |i dbf672f8-4d7e-3f8b-95c8-32fd752e5d41  |t 0 
952 f f |p ric  |a Texas A&M University  |b Rellis Campus  |c Joint Library Facility  |s JLF  |d Remote Storage  |t 0  |e BR746 .B5 1975  |h Library of Congress classification  |i unmediated -- volume  |m A14806091014